Introduction to Logic Circuits & Logic Design with Verilog

Springernature.com

Na minha lista:
Detalhes bibliográficos
Autor principal: LaMeres, Brock J
Formato: Livro
Idioma:Undetermined
Publicado em: Springer 2011
Assuntos:
Acesso em linha:http://lrc.tdmu.edu.vn/opac/search/detail.asp?aID=2&ID=40263
Tags: Adicionar Tag
Sem tags, seja o primeiro a adicionar uma tag!
Thư viện lưu trữ: Trung tâm Học liệu Trường Đại học Thủ Dầu Một
LEADER 00637nam a2200181Ia 4500
001 TDMU_40263
008 210410s9999 xx 000 0 und d
082 |a 530.4 
100 |a LaMeres, Brock J 
245 0 |a Introduction to Logic Circuits & Logic Design with Verilog 
245 0 |c Brock J. LaMeres 
260 |b Springer 
260 |c 2011 
300 |a 459pages 
520 |a Springernature.com 
650 |a Điện tử số; Kỹ thuật số  |x Thiết kế; Digital systems 
856 |u http://lrc.tdmu.edu.vn/opac/search/detail.asp?aID=2&ID=40263 
980 |a Trung tâm Học liệu Trường Đại học Thủ Dầu Một